00393nam a2200157Ia 45000010006000000050017000060080041000230410008000640820015000721000039000872450056001262600009001823000028001916500008002196540008002272079020260306172831.0260306t2022||||xx |||||||||||||| ||spa|| aESP a343.8bB45 aBernal Rojas, Josué AlfredoeAUT 0aManual práctico del impuesto a la renta 2021-2022 c2022 a911 páginas :c25 cm. aGEN aCCO